Statistics for Domain Name Countries Quiz

Click here to take the quiz!

General Stats

  • This quiz has been taken 783 times
    (782 since last reset)
  • The average score is 15 of 20

Answer Stats

TLDCountry% Correct
.ukUnited Kingdom
97%
.mxMexico
96%
.frFrance
95%
.itItaly
95%
.caCanada
94%
.nzNew Zealand
92%
.jpJapan
91%
.ruRussia
88%
.brBrazil
84%
.huHungary
79%
.noNorway
78%
.plPoland
74%
.thThailand
71%
.cnChina
63%
.ptPortugal
58%
.coColombia
58%
.vnVietnam
48%
.lyLibya
35%
.zaSouth Africa
34%
.meMontenegro
20%

Score Distribution

Percentile by Number Answered

Percent of People with Each Score

Your Score History

You have not taken this quiz since the last reset